Logs̕tica 2100 Gestin̤ y operaciones en la cadena de suministro /

Detalles Bibliográficos
Autor principal: Silvera Escudero, Rodolfo Enrique
Formato: eBook
Lenguaje:español
Publicado: Bogot:̀ Ediciones de la U, 2021
Materias:
Acceso en línea:Acceso restringido

MARC

LEADER 00000nam a22000007a 4500
005 20210910202149.0
007 cr|||| ||||
008 210910s2021 co |||||s|||| 00||0 spa d
020 |a 978-958-792-264-6 
035 |a 35045 
040 |a vLex 
090 |c 12408  |d 12408 
100 1 |a Silvera Escudero, Rodolfo Enrique 
245 1 0 |a Logs̕tica 2100  |h [Recurso electrn̤ico] :  |b Gestin̤ y operaciones en la cadena de suministro /  |c Rodolfo Enrique Silvera Escudero 
256 |a Servicio en ln̕ea 
260 |a Bogot:̀  |b Ediciones de la U,  |c 2021 
300 |a 1 recurso electrn̤ico 
500 |a En este libro de operaciones y de administracin̤ de los procesos de la logs̕tica integral, el autor maneja el enlace fants̀tico que debe existir entre todas las operaciones que se dan en los centros de distribucin̤ y la gestin̤ de las operaciones, en la cual se deben planear y organizar las tareas de una forma integral, garantizando el flujo de los procesos logs̕ticos en los centros de distribucin̤. Para esto se utilizan herramientas importantes del principio de administracin̤ que ayudan a integrar las operaciones y gestin̤ para la generacin̤ de valor de los diferentes centros de distribucin̤ que manejen esta serie de estrategias que son consideradas de vital importancia para mantener un verdadero equilibrio econm̤ico y financiero que, hoy por hoy, se necesitan. 
506 1 |a Disponible solo en los productos indicados  |d vLex Global  |d vLex Global (Academic Edition, excluding Law Schools)  |d vLex Global (U.S. Academic Edition, Law Schools)  |d vLex Global (U.S. Academic Edition, excluding Law Schools)  |d vLex Global (Academic Edition, Law Schools) 
650 0 4 |a Ciencias aplicadas  |z Colombia 
740 0 |a vLex Libros (Servicio en ln̕ea) 
856 4 0 |u https://app.vlex.com/#/sources/35045  |z Acceso restringido 
942 |c BOOK 
999 0 |a Applied Science